Phục hồi chức năng dựa vào cộng đồng tại Việt Nam : Hướng dẫn xây dựng dự án thí điểm = Community based rehabilitation in Vietnam : Guidelines to design a pilot project

Tài liệu thiết kế dự án thí điểm CBR (phục hồi chức năng dựa vào cộng đồng) tại Việt Nam được thiết kế cho các nhân viên tham gia dự án ở cấp trung ương, tỉnh, huyện và những người chịu trách nhiệm trong việc quản lý điều phối các...

ver descrição completa

Na minha lista:
Detalhes bibliográficos
Autor principal: Pierdomenico, Lorenzo
Formato: Livro
Idioma:Undetermined
Publicado em: Ha Noi Medical Publíhing House 2008
Assuntos:
Tags: Adicionar Tag
Sem tags, seja o primeiro a adicionar uma tag!
Thư viện lưu trữ: Trung tâm Học liệu Trường Đại học Cần Thơ
LEADER 01309nam a2200217Ia 4500
001 CTU_166471
008 210402s9999 xx 000 0 und d
082 |a 353.66 
082 |b P615 
100 |a Pierdomenico, Lorenzo 
245 0 |a Phục hồi chức năng dựa vào cộng đồng tại Việt Nam : 
245 0 |b Hướng dẫn xây dựng dự án thí điểm = Community based rehabilitation in Vietnam : Guidelines to design a pilot project 
245 0 |c Lorenzo Pierdomenico 
260 |a Ha Noi 
260 |b Medical Publíhing House 
260 |c 2008 
520 |a Tài liệu thiết kế dự án thí điểm CBR (phục hồi chức năng dựa vào cộng đồng) tại Việt Nam được thiết kế cho các nhân viên tham gia dự án ở cấp trung ương, tỉnh, huyện và những người chịu trách nhiệm trong việc quản lý điều phối các hoạt động của chương trình CBR. 
650 |a Community health services,People with disabilities,Dịch vụ sức khoẻ cộng đồng,Người tàn tật 
650 |x Rehabilitation,Phục hồi 
904 |i Trọng Hiếu 
980 |a Trung tâm Học liệu Trường Đại học Cần Thơ